[Event "Bundesliga 0001"]
[Site "Germany"]
[Date "2001.01.07"]
[Round "5.5"]
[White "Wahls, Matthias"]
[Black "Nunn, John DM"]
[Result "1/2-1/2"]
[WhiteElo "2568"]
[BlackElo "2578"]
[PlyCount "43"]
[EventDate "2000.10.14"]
[EventType "team-tourn"]
[EventRounds "15"]
[EventCountry "GER"]
[SourceTitle "CBM 082 Extra"]
[Source "ChessBase"]
[SourceDate "2001.07.03"]
[SourceVersion "1"]
[SourceVersionDate "2001.07.03"]
[SourceQuality "1"]
[WhiteTeam "Hamburger SK"]
[BlackTeam "Luebeck"]
[WhiteTeamCountry "GER"]
[BlackTeamCountry "GER"]

1. c4 g6 2. g3 Nf6 3. Bg2 c6 4. e4 d5 5. cxd5 cxd5 6. e5 Nfd7 7. d4 Nb6 8. Nc3 Nc6 9. Nge2 Bg7 10. h4 Bf5 11. Nf4 Qd7 12. 0-0 0-0 13. Be3 Rfd8 14. Qe2 Rac8 15. Rad1 Na5 16. Ncxd5 Nxd5 17. Bxd5 Rc2 18. Rd2 Rxd2 19. Qxd2 Qb5 20. Bg2 Bxe5 21. Nd5 Bd6 22. Rc1 1/2-1/2

[Event "Bundesliga 0001"]
[Site "Germany"]
[Date "2000.10.15"]
[Round "2.5"]
[White "Wahls, Matthias"]
[Black "Berndt, Stephan"]
[Result "1-0"]
[WhiteElo "2568"]
[BlackElo "2478"]
[PlyCount "149"]
[EventDate "2000.10.14"]
[EventType "team-tourn"]
[EventRounds "15"]
[EventCountry "GER"]
[SourceTitle "CBM 082 Extra"]
[Source "ChessBase"]
[SourceDate "2001.07.03"]
[SourceVersion "1"]
[SourceVersionDate "2001.07.03"]
[SourceQuality "1"]
[WhiteTeam "Hamburger SK"]
[BlackTeam "Neukoelln"]
[WhiteTeamCountry "GER"]
[BlackTeamCountry "GER"]

1. c4 e5 2. Nc3 Nc6 3. g3 g6 4. Bg2 Bg7 5. d3 d6 6. e3 h5 7. h4 Nh6 8. Rb1 0-0 9. b4 Nf5 10. b5 Nce7 11. Nge2 c6 12. bxc6 bxc6 13. 0-0 Be6 14. Ba3 Qc7 15. Qa4 Rab8 16. Bb4 Qd7 17. Ne4 c5 18. Qxd7 Bxd7 19. Ba5 Ba4 20. Bc7 Rxb1 21. Rxb1 Bc2 22. Rb7 Bxd3 23. N2c3 Bxc4 24. Bxd6 Re8 25. Bxc5 a6 26. Nd2 Bd3 27. Rd7 Rc8 28. Nb3 e4 29. Nxe4 Bb5 30. Rd2 Nc6 31. Bb6 Rb8 32. Bc7 Rc8 33. Bf4 Ne5 34. Nbc5 Nc4 35. Rd1 Bf8 36. Nf6+ Kg7 37. Nce4 Nb2 38. Rb1 Nd3 39. Bg5 Be7 40. Nd5 Bxg5 41. hxg5 Rc2 42. Bf1 Rxa2 43. Ndc3 Ra3 44. Nxb5 axb5 45. Rxb5 Ra1 46. Nf6 Ne1 47. Nxh5+ Kf8 48. Nf6 Nd6 49. Rd5 Ke7 50. Ng4 Nf5 51. e4 Nd4 52. Nh2 Ne6 53. f4 Nc2 54. Rd2 Rc1 55. Kf2 Nc5 56. Bg2 Nb3 57. Rd3 Ncd4 58. Nf3 Rc2+ 59. Kg1 Ne2+ 60. Kh2 Nc5 61. Rd2 Rxd2 62. Nxd2 Ne6 63. Bh3 Nc5 64. Kg2 Nd4 65. Kf2 Nc2 66. Bg4 Kf8 67. Bd1 Nb4 68. Ke3 Nc6 69. Bb3 Ke7 70. Bc4 Nb8 71. Nb3 Nxb3 72. Bxb3 Na6 73. Kd4 Nc7 74. Bc4 Ne8 75. e5 1-0